| 000 | 00520nam a2200193Ia 4500 | ||
|---|---|---|---|
| 003 | IN-BaIIA | ||
| 008 | 211028s9999 xx 000 0 eng d | ||
| 040 | _cIIA Library | ||
| 080 |
_a517.2 _bBUG |
||
| 100 |
_aBugrov, YA S _914124 |
||
| 245 | 0 |
_aDifferential and Integral Calculus _cYA S Bugrov and S. M. Nikolsky |
|
| 260 |
_aMoscow _bMIR Publishers _c1982 |
||
| 300 | _a464p | ||
| 650 |
_aCalculus _91611 |
||
| 650 | _aDifferential Calculus | ||
| 650 | _aIntegral Calculus | ||
| 650 | _aNASA Thesaurus | ||
| 942 | _cBK | ||
| 999 |
_c8426 _d8426 |
||